Statistics for Brawl Stars Trios

Click here to take the quiz!

General Stats

  • This quiz has been taken 69 times
    (29 since last reset)
  • The average score is 11 of 31

Answer Stats

BrawlersTrio% Correct
Shelly, Colt, SpikeWild West
86%
Bo, Leon, NitaShaman Tribe
68%
Brock, 8-Bit, RicoArcade
59%
Darryl, Penny, TickPirate
59%
Mortis, Frank, EmzUndead
50%
Griff, Edgar, ColetteGift Shop
45%
Dynamike, Carl, JackyGem Miners
41%
Gus, ChuckGhost Station
41%
Belle, Sam, PearlGoldarm Gang
41%
El Primo, Poco, AmberMexican Entertainers
41%
Tara, Sandy, GeneMystic Wanderers
41%
Rosa, Bea, SproutBiology Team
36%
Chester, MandyCandyland
36%
Otis, HankDeep Sea
36%
Pam, Jessie, NaniJunker Family
36%
Bull, Bibi, CrowRetropolis Gang
36%
Mr. P, Gale, LouSnowtel
36%
Surge, Max, MegSuperhero
36%
Willow, AngeloSwamp of Love
36%
Lola, GrayBrawlywood
32%
Barley, Piper, ByronTownsfolk
32%
CordeliusEnchanted Woods
27%
Stu, Janet, BonnieStunt Show
27%
Fang, Buster, MaisieCinema
23%
KitStarr Toon
23%
Buzz, DougVelocirapids
23%
MelodieKaraoke
18%
Colonel Ruffs, Squeak, EveStarr Force
18%
CharlieBizarre Circus
14%
Ash, GromCastle Courtyard
14%
R-T, Larry & LawrieStarr Hub
9%

Score Distribution

Percentile by Number Answered

Percent of People with Each Score

Your Score History

You have not taken this quiz since the last reset